000 01472nam0a22003491 4500
001 RU\INFOCOMM_322\5000058463
005 20250613102232.0
035 _a(NLR Aleph) 009435080
090 _a8308533
_c8308533
100 _a20121114d1989 |||y0rusy50 ca
101 0 _aeng
102 _aRU
105 _ay z |||||
200 1 _aHydrodynamic efficiency of energy transfer in experimental targets illuminated with heavy ion beams
_fM. M. Basko, S. V. Molodtsov, M. V. Sokolovskii, B. Yu. Sharkov
210 _aM.
_cAtominform
_d1989
215 _a12 с.
_cил.
_d20 см
225 1 _aInstitute of theoretical and experimental physics
_v45-89
300 _aВ вып. дан.: Гидродинамическая эффективность передачи энергии в экспериментальных мишенях, облучаемых тяжелоионным пучком / М. М. Баско и др.
320 _aБиблиогр.: с. 11-12
606 _aАтомное ядро
_xТермоядерные реакции
_9970178
_3RU\NLR\AUTH\6644923
620 _aМосква
686 _aВ333.45
_2rubbk
701 1 _aBasko
_bM. M.
701 1 _aMolodtsov
_bS. V.
701 1 _aSokolovskii
_bM. V.
701 1 _7ba
_8rus
_aŠarkov
_bB. Ju.
_f1950-
_gBoris Jur'evič
_9230730
_3RU\NLR\AUTH\770230786
801 1 _aRU
_bNLR
_c20121114
801 0 _aRU
_bINFOCOMM
_gPSBO
852 _aNLR
_jФз01 Д-4/5336
942 _cBOOK
980 _aNB